00273nam a2200097Ia 4500008004000000082001700040100003000057245005100087260002300138300001400161210210b1987 xxu||||| |||| 00| 0 eng d a338.954 AGRI aAGRAWAL (A N) and Others. aIndia: economic information year book 1987-88. aNDbNationalc1987 axviii,283